[Event "Hessen-ch"]
[Site "Germany"]
[Date "1988.??.??"]
[Round "5"]
[White "Neidhardt, Claus Ulrich"]
[Black "Timpel, Klaus"]
[Result "1/2-1/2"]
[WhiteElo "2280"]
[BlackElo "2335"]

1.d4 g6 2.Nf3 Bg7 3.c4 d6 4.g3 Nf6 5.Bg2 O-O 6.Nc3 Nbd7 7.O-O e5 8.e4 Re8
9.h3 c6 10.Be3 a5 11.Qc2 exd4 12.Nxd4 Nc5 13.Rad1 Nfd7 14.b3 Qb6 15.Rd2 Qb4
16.Rb1 a4 17.Nde2 axb3 18.axb3 Ra3 19.Na2 Rxa2 20.Qxa2 Nxe4 21.Rdd1 Ndc5
22.Bd4 Bxd4 23.Nxd4 d5 24.Nc2 Qc3 25.b4 Nxf2 26.Kxf2 Bf5 27.bxc5 Bxc2 28.Kg1 Bxb1
29.Rxb1 Qxg3 30.Qf2 Qxf2+ 31.Kxf2 dxc4 32.Rc1 Re5 33.Rxc4 Kf8 34.Kg3 Ke7
35.Kf4 Rf5+ 36.Ke4 Rf2 37.Bf3 Kd7 38.Rc3 f6 39.Rd3+ Kc7 40.Rc3 Rb2 41.Rc4 Rh2
42.Ke3 Rxh3 43.Re4 f5 44.Re7+ Kb8 45.Kf2 f4 46.Rg7 Rh4 47.Be4 Rh5 48.Kf3 Rxc5
49.Kxf4 Rh5 50.Bf3 Rf5+ 51.Ke3 Rf6 52.Rxh7 Ka7 53.Rg7 Ka6 54.Be4  1/2-1/2

[Event "Groningen op"]
[Site "Groningen"]
[Date "1988.??.??"]
[Round "?"]
[White "Bewersdorff, Oliver"]
[Black "Andruet, Gilles"]
[Result "1/2-1/2"]
[WhiteElo "2335"]
[BlackElo "2430"]

1.d4 Nf6 2.Nf3 d6 3.c4 g6 4.g3 Bg7 5.Bg2 O-O 6.Nc3 Bg4 7.h3 Bxf3 8.Bxf3 Nc6
9.Be3 Nd7 10.Qd2 e5 11.Bxc6 bxc6 12.Rd1 a5 13.b3 Qe7 14.dxe5 Nxe5 15.O-O a4
16.f4 axb3 17.axb3 Nd7 18.Bd4 Bxd4+ 19.Qxd4 Rfe8 20.Rf3 Rab8 21.Rb1 Nc5 22.b4 Ne4
23.Re3 f5 24.Nxe4 fxe4 25.Ra3 Qe6 26.Kh2 c5 27.Qc3 g5 28.e3 gxf4 29.gxf4 Kf7
30.Ra7 Re7 31.Rg1 Rxb4 32.Rxc7 Qf6 33.Rg7+ Kxg7 34.Rxe7+ Kg6 35.Qxf6+ Kxf6
36.Rxe4 Kf5 37.Re7 Rxc4 38.Kg2 Re4 39.Rd7 Ke6 40.Rxh7 Rxe3 41.Kf2 Rd3 42.Rh5 c4
43.Ke2 d5 44.Re5+ Kd6 45.Re3 Rd4 46.Rf3 Re4+ 47.Kd2 Ke6 48.h4 Kf5 49.h5 Re6
50.Rh3 Rh6 51.Rh4 d4 52.Kc2 Rd6 53.Rh1 Rh6 54.Rh4 Ke4 55.f5+ Ke5 56.f6 Rxf6
57.h6 Rf2+ 58.Kd1  1/2-1/2

[Event "Groningen"]
[Site "Groningen"]
[Date "1988.??.??"]
[Round "?"]
[White "Greenfeld, Alon"]
[Black "Piket, Jeroen"]
[Result "1-0"]
[WhiteElo "2550"]
[BlackElo "2495"]

1.d4 Nf6 2.c4 g6 3.g3 Bg7 4.Bg2 O-O 5.Nf3 d6 6.O-O Nbd7 7.Nc3 e5 8.e4 c6
9.h3 Qb6 10.Re1 exd4 11.Nxd4 Ne8 12.Nb3 a5 13.Be3 Qb4 14.a3 Qxc4 15.Nd4 f6
16.Rc1 Qf7 17.f4 Nc5 18.f5 a4 19.g4 g5 20.Rc2 h6 21.Bf1 Nd7 22.Ne6 Ne5 23.Nxf8 Bxf8
24.Nb1 b5 25.Nd2 Bb7 26.Nf3 Be7 27.Be2 Qb3 28.Kf2 c5 29.Nd2 Nd3+ 30.Bxd3  1-0

[Event "Groningen op"]
[Site "Groningen"]
[Date "1988.??.??"]
[Round "?"]
[White "Howell, James C"]
[Black "Andruet, Gilles"]
[Result "1-0"]
[WhiteElo "2380"]
[BlackElo "2430"]

1.d4 Nf6 2.Nf3 g6 3.c4 Bg7 4.g3 d6 5.Bg2 O-O 6.O-O Bg4 7.Nc3 Nc6 8.d5 Bxf3
9.exf3 Na5 10.Qe2 c5 11.f4 Ne8 12.Bd2 Nc7 13.Ne4 b6 14.Rad1 Nb7 15.b3 Qd7
16.h4 b5 17.h5 a5 18.Ng5 a4 19.hxg6 hxg6 20.f5 axb3 21.fxg6  1-0

[Event "Groningen op"]
[Site "Groningen"]
[Date "1988.??.??"]
[Round "?"]
[White "Vincent, Stephane"]
[Black "Hoi, Carsten"]
[Result "0-1"]
[WhiteElo "2270"]
[BlackElo "2405"]

1.d4 d6 2.c4 g6 3.g3 Bg7 4.Bg2 Nf6 5.Nf3 O-O 6.Nc3 Bg4 7.h3 Bxf3 8.Bxf3 Nc6
9.O-O Nd7 10.Be3 e5 11.d5 Ne7 12.Rc1 f5 13.c5 f4 14.cxd6 cxd6 15.Bd2 Nf5
16.gxf4 exf4 17.Bxf4 Qh4 18.Bg4 h5 19.Bxf5 Rxf5 20.e3 Qxh3 21.Ne2 Be5 22.Rc3 Rg5+
23.Ng3 h4  0-1

[Event "Hallein op"]
[Site "Hallein"]
[Date "1988.??.??"]
[Round "7"]
[White "Kiss, Attila"]
[Black "Kosanovic, Goran A"]
[Result "1/2-1/2"]
[WhiteElo "2375"]
[BlackElo "2385"]

1.Nf3 Nf6 2.c4 g6 3.g3 Bg7 4.d4 O-O 5.Bg2 d6 6.O-O Nc6 7.d5 Na5 8.Nbd2 c5
9.Ne1 Bd7 10.Rb1 Qc8 11.a3 b6 12.Qc2 b5 13.b3 Rb8 14.Bb2 a6 15.Nd3 Bh3 16.e4 Bxg2
17.Kxg2  1/2-1/2

[Event "IND-ch"]
[Site "?"]
[Date "1988.??.??"]
[Round "?"]
[White "Shantharam, KV."]
[Black "Koshy, Varugeese"]
[Result "1/2-1/2"]
[WhiteElo "2245"]
[BlackElo "2330"]

1.d4 g6 2.Nf3 Bg7 3.g3 Nf6 4.Bg2 O-O 5.c4 d6 6.O-O Nbd7 7.Nc3 e5 8.e4 c6
9.h3 Qb6 10.Re1 exd4 11.Nxd4 Ne5 12.b3 Nfd7 13.Be3 Nc5 14.Re2 a5 15.f4 Ned7
16.Rb1 h5 17.Rc2 Re8 18.Bf2 Qd8 19.Nde2 Qe7 20.Rd2 Nf6 21.Bxc5 dxc5 22.e5 Nh7
23.Ne4 h4 24.gxh4 Bf5 25.N2g3 Qxh4 26.Nxf5 gxf5 27.Nd6 Qxf4 28.Rf2 Qxe5 29.Nxe8 Rxe8
30.Qf3 Qc7 31.Re2 Bd4+ 32.Kh1 Rxe2 33.Qxe2 Ng5 34.Rf1 Qg3 35.Rxf5 f6 36.Qg4 Qxg4
37.hxg4 Kf7 38.Rf1 Ke6 39.Re1+ Be5 40.Be4 Kd6 41.Bf5 Nf3 42.Re3 Nd4 43.Kg2 b5
44.Kf1 Kc7 45.Ke1 Kb6 46.Kd1 a4 47.bxa4 bxc4 48.Bc2 Ne6 49.Rxe5 fxe5 50.Kd2 Ka6
51.Kc3 Ka5 52.Kxc4 Kb6 53.Be4 Ng5 54.a5+ Kxa5 55.Bxc6 Kb6 56.Ba4 e4 57.a3 Nf3
58.Bd1 Kc6 59.a4 Ne5+ 60.Kc3 e3 61.g5 Kb6  1/2-1/2

[Event "JUG-ch"]
[Site "?"]
[Date "1988.??.??"]
[Round "?"]
[White "Drasko, Milan"]
[Black "Mukic, Josko"]
[Result "1-0"]
[WhiteElo "2465"]
[BlackElo "2420"]

1.d4 Nf6 2.c4 g6 3.Nf3 Bg7 4.g3 O-O 5.Bg2 d6 6.O-O Nbd7 7.Nc3 e5 8.e4 exd4
9.Nxd4 Nc5 10.f3 a5 11.Be3 Re8 12.Qd2 Nfd7 13.b3 Ne5 14.Rab1 a4 15.Kh1 axb3
16.axb3 f5 17.Bg5 Qd7 18.exf5 gxf5 19.Nd5 Qf7 20.Nb5 Na6 21.Rfe1 Be6 22.f4 Nc6
23.Re3 h6 24.Bh4 Rac8 25.g4 Nc5 26.gxf5 Bxf5 27.Rxe8+ Qxe8 28.Ndxc7 Qh5 29.Qd5+ Kh8
30.Nxd6 Rxc7 31.Qxc5 Bg4 32.Qxh5 Bxh5 33.Re1 Na5 34.Ne8 Rf7 35.Nxg7 Kxg7
36.Re5 Rd7 37.h3 Nxb3 38.Rxh5 Rd4 39.Re5  1-0

[Event "URS-FL56"]
[Site "Klaipeda"]
[Date "1988.??.??"]
[Round "?"]
[White "Mikhalchishin, Adrian"]
[Black "Magerramov, Elmar"]
[Result "1/2-1/2"]
[WhiteElo "2480"]
[BlackElo "2430"]

1.d4 Nf6 2.c4 g6 3.g3 Bg7 4.Bg2 O-O 5.Nf3 d6 6.O-O Nbd7 7.Qc2 e5 8.Rd1 Re8
9.dxe5 dxe5 10.e4 Qe7 11.h3 c6 12.b3 Nc5 13.Nc3 Ne6 14.Nxe5 Nc5 15.Bf4 Nh5
16.Nxc6 bxc6 17.Bd6 Qg5 18.h4 Qf6 19.Ne2 Nxe4 20.Bxe4 Bg4 21.Nf4 Rad8 22.Nxh5 Bxh5
23.c5 Re6 24.Rf1 Bf8 25.Rae1 Bxd6 26.cxd6 Rexd6 27.Re3 Bg4 28.Qc3 Rd4 29.Qxc6 Be6
30.Qc5 Rd1 31.Ree1 R1d2 32.Qxa7 Qb2 33.Bg2 Qxa2 34.Qxa2 Rxa2 35.Rd1  1/2-1/2

[Event "URS-FL56"]
[Site "Klaipeda"]
[Date "1988.??.??"]
[Round "?"]
[White "Guseinov, Aidyn"]
[Black "Gelfand, Boris"]
[Result "1/2-1/2"]
[WhiteElo "2325"]
[BlackElo "2585"]

1.d4 Nf6 2.c4 g6 3.g3 Bg7 4.Bg2 O-O 5.Nf3 d6 6.O-O Nbd7 7.Nc3 e5 8.e4 h6
9.Rb1 Nh7 10.Be3 Ng5 11.dxe5 Nxf3+ 12.Qxf3 Nxe5 13.Qe2 Bg4 14.f3 Be6 15.b3 Nxf3+
16.Bxf3 Bxc3 17.Bxh6 Re8 18.Rbd1 Qf6 19.Be3 Be5 20.Kg2 a5 21.Bg4 Qe7 22.a4 Bxg4
23.Qxg4 Bg7 24.Rf4 Qe6 25.Bd4 Qxg4 26.Rxg4 Re6 27.Bxg7 Kxg7 28.h4 Rae8 29.Rd4 Rf6
30.Rf4 Rxf4 31.gxf4 Kf6 32.Kf3 b6 33.Rd5 Rh8 34.Kg4 Ke6 35.e5 dxe5 36.Rxe5+ Kf6
37.c5 Rd8  1/2-1/2

[Event "BKL-Turnier"]
[Site "Leipzig"]
[Date "1988.??.??"]
[Round "?"]
[White "Kiss, Attila"]
[Black "Gruenberg, Hans Ulrich"]
[Result "0-1"]
[WhiteElo "2375"]
[BlackElo "2465"]

1.d4 Nf6 2.c4 g6 3.Nf3 Bg7 4.g3 O-O 5.Bg2 d6 6.O-O a6 7.Nbd2 Nbd7 8.b3 e5
9.Bb2 Re8 10.e3 c6 11.Qc2 e4 12.Ng5 d5 13.cxd5 cxd5 14.h4 Nf8 15.Rfc1 h6
16.Nh3 Ne6 17.Ba3 g5 18.hxg5 hxg5 19.Nf1 Bd7 20.Qd1 g4 21.Nf4 Ng5 22.Bd6 Bc6
23.Be5 Qd7 24.Nh2 Nf3+ 25.Bxf3 exf3 26.Bxf6 Bxf6 27.Kf1 Re4 28.a3 Rae8 29.Ra2 Bg5
30.Nd3 f6 31.a4 Qh7 32.Nxf3 gxf3 33.Qxf3 Rxe3 34.fxe3 Qxd3+ 35.Kg2 Rxe3 36.Qh5 Rxg3+
37.Kh2 Bxc1 38.Re2 Rh3+  0-1

[Event "Lugano op"]
[Site "Lugano"]
[Date "1988.??.??"]
[Round "?"]
[White "Fedorowicz, John P"]
[Black "Gunawan, Ronny"]
[Result "1/2-1/2"]
[WhiteElo "2560"]
[BlackElo "2440"]

1.d4 Nf6 2.c4 g6 3.g3 Bg7 4.Bg2 d6 5.Nf3 O-O 6.O-O a6 7.Nc3 Nc6 8.h3 Rb8
9.Bg5 b5 10.cxb5 axb5 11.Bxf6 Bxf6 12.Rc1 Bd7 13.e3 Bg7 14.Ne2 Na5 15.b3 c6
16.Qc2 b4 17.Rfd1 Qb6 18.h4 Bc8 19.Qd2 Rd8 20.h5 e5 21.hxg6 hxg6 22.Nh4 Bg4
23.d5 c5 24.Bf3 Bd7 25.Be4 Bf6 26.Bd3 Kg7 27.Kg2 Bxh4 28.gxh4 Rh8 29.Rh1 Qd8
30.f4 Rxh4 31.Ng3 Rxh1 32.Rxh1 Qe7 33.f5 Qg5 34.Qf2 Bxf5 35.Bxf5 gxf5 36.Kf1 Rg8
37.Nxf5+ Kf8 38.Nh6 Rg7 39.Nf5 Rg8  1/2-1/2

[Event "Lyngby op"]
[Site "Lyngby"]
[Date "1988.??.??"]
[Round "5"]
[White "Szekely, Peter"]
[Black "De Boer, Gert Jan"]
[Result "1-0"]
[WhiteElo "2420"]
[BlackElo "2390"]

1.Nf3 Nf6 2.c4 g6 3.d4 Bg7 4.g3 O-O 5.Bg2 d6 6.Nc3 Nc6 7.O-O a6 8.h3 Rb8
9.Bg5 b5 10.cxb5 axb5 11.Rc1 Bd7 12.d5 Na5 13.b4 Nc4 14.Nd4 h6 15.Bxf6 Bxf6
16.e3 Qc8 17.Re1 Qa6 18.Bf1 Qa3 19.Ncxb5 Bxb5 20.Nxb5 Rxb5 21.Bxc4 Rxb4 22.Bb3 Rc8
23.Re2 Kg7 24.Rec2 Qa7 25.Rc6 h5 26.Qc2 Rb7 27.Qe4 Be5 28.Kg2 Qb8 29.R1c4 Rb5
30.Qd3 Rb6 31.Qc2 Rb7 32.f4 Bf6 33.g4 hxg4 34.hxg4 Rh8 35.g5 Bxg5 36.fxg5 Qc8
37.Qe4 Qh3+ 38.Kf2 Qh2+ 39.Qg2 Qe5 40.Rf4 Rh5 41.Qf3 f5 42.gxf6+ exf6 43.Kg2 Qa1
44.Qd1 Qxd1 45.Bxd1 Rxd5 46.Bb3 Re5 47.Kf3 f5 48.Ra4 g5 49.Ra8 Re7 50.Rca6 g4+
51.Kf2 Rb4 52.Rg8+ Kf6 53.Raa8 Rh7 54.Raf8+ Ke5 55.Rg5 Rh2+ 56.Kg1 Rxb3 57.axb3 Rb2
58.Rgxf5+ Ke4 59.Rf4+ Kxe3  1-0

[Event "Moscow-A"]
[Site "Moscow"]
[Date "1988.??.??"]
[Round "?"]
[White "Drasko, Milan"]
[Black "Davies, Nigel R"]
[Result "0-1"]
[WhiteElo "2510"]
[BlackElo "2475"]

1.c4 g6 2.d4 d6 3.g3 Bg7 4.Bg2 Nf6 5.Nf3 O-O 6.O-O c6 7.b3 e5 8.Nc3 e4 9.Ne1 d5
10.Bg5 h6 11.Bxf6 Bxf6 12.cxd5 cxd5 13.f3 Bg7 14.e3 f5 15.b4 Be6 16.Qb3 Re8
17.Rf2 Nd7 18.Na4 b6 19.b5 Nf6 20.f4 Rc8 21.Rc2 Rxc2 22.Nxc2 Bf8 23.Bf1 Qc7
24.Rd1 g5 25.Rd2 Kh7 26.Qc3 Qg7 27.Rg2 Rc8 28.Qd2 Qc7 29.Nb2 Bf7 30.fxg5 hxg5
31.Qf2 Bg6 32.Nd1 Bd6 33.a3 Kg7 34.Nb4 Qc1 35.Qd2 Bxb4 36.axb4 Bh5 37.g4 Bxg4
38.Nb2 Kg6 39.h4 gxh4 40.Qf2 Rc3 41.Na4 Ra3  0-1

[Event "Munich"]
[Site "Munich"]
[Date "1988.??.??"]
[Round "?"]
[White "Van der Sterren, Paul"]
[Black "Bischoff, Klaus"]
[Result "1/2-1/2"]
[WhiteElo "2470"]
[BlackElo "2465"]

1.Nf3 g6 2.d4 Bg7 3.c4 d6 4.g3 Nf6 5.Bg2 O-O 6.O-O c6 7.b3 a6 8.Bb2 b5 9.Nbd2 Bb7
10.Ne1 Nbd7 11.Nd3 Qb8 12.e4 e5 13.d5 cxd5 14.cxd5 a5 15.Re1 Nb6 16.Nf1 Bc8
17.Ne3 Re8 18.a3 Bd7 19.Rc1 Qa7 20.Qe2 h5 21.Rc2 Bh6 22.Bc1 Rac8  1/2-1/2

[Event "Naestved op"]
[Site "Naestved"]
[Date "1988.??.??"]
[Round "?"]
[White "Giemsa, Stephan"]
[Black "Hoi, Carsten"]
[Result "0-1"]
[WhiteElo "2150"]
[BlackElo "2455"]

1.d4 d6 2.c4 g6 3.Nf3 Bg7 4.g3 Nf6 5.Bg2 O-O 6.Nc3 Bg4 7.O-O Bxf3 8.exf3 c6
9.d5 cxd5 10.Nxd5 Nxd5 11.Qxd5 Nc6 12.Be3 Qa5 13.f4 Rac8 14.Qb5 Qc7 15.Rab1 Nd4
16.Bxd4 Bxd4 17.b3 b6 18.Qd5 Qc5 19.Rbd1 Qxd5 20.Bxd5 Bc5 21.Rfe1 e6 22.Bf3 Rb8
23.a4 a6 24.Re2 Rfc8 25.g4 Kg7 26.f5 gxf5 27.gxf5 e5 28.Kg2 Kf6 29.Bd5 Rg8+
30.Kf3 Rg5 31.Be4 Rbg8 32.h3 Rh5 33.Bc2 Rh4 34.Re4 Rxh3+ 35.Ke2 Rg2  0-1

[Event "Naestved op"]
[Site "Naestved"]
[Date "1988.??.??"]
[Round "3"]
[White "Barbero, Gerardo F"]
[Black "Akesson, Ralf"]
[Result "1-0"]
[WhiteElo "2505"]
[BlackElo "2430"]

1.d4 Nf6 2.c4 g6 3.Nf3 Bg7 4.g3 O-O 5.Bg2 d6 6.O-O Nbd7 7.Nc3 e5 8.Qc2 c6
9.b3 Qe7 10.Rd1 Ng4 11.h3 Nh6 12.Ba3 exd4 13.Nxd4 Nc5 14.b4 Ne6 15.Nf3 f5
16.e3 g5 17.b5 Nf7 18.bxc6 bxc6 19.Rac1 Bd7 20.h4 f4 21.exf4 gxf4 22.Ne4 c5
23.Bb2 Ba4 24.Qxa4 Bxb2 25.Rb1 Rab8 26.Re1 Ne5 27.Nxe5 Bxe5 28.Qc6 fxg3 29.fxg3 Rxb1
30.Rxb1 Nd4 31.Qd5+ Kh8 32.Bh3 Bxg3 33.Nxg3 Qe3+ 34.Kh2 Nf3+ 35.Kg2 Nxh4+
36.Kh2 Nf3+ 37.Kg2 Ne1+ 38.Kh2 Rg8 39.Rb3 Qf2+ 40.Bg2 Rg6 41.Rb8+  1-0

[Event "New York op"]
[Site "New York"]
[Date "1988.??.??"]
[Round "?"]
[White "Djuric, Stefan"]
[Black "Smejkal, Jan"]
[Result "1-0"]
[WhiteElo "2475"]
[BlackElo "2515"]

1.d4 Nf6 2.c4 g6 3.g3 Bg7 4.Bg2 O-O 5.Nf3 d6 6.O-O c6 7.Nc3 Bf5 8.Nh4 Be6
9.d5 cxd5 10.cxd5 Bd7 11.Be3 b5 12.Bd4 b4 13.Ne4 a5 14.Nxf6+ Bxf6 15.Nf3 Na6
16.Qd2 Nc5 17.Rad1 Rc8 18.h4 Bg4 19.Bxf6 exf6 20.Nd4 Re8 21.a3 Qb6 22.axb4 axb4
23.Rc1 h5 24.Rc4 b3 25.Rfc1 Kg7 26.e3 Ra8 27.Rb4 Qa5 28.Nc6 Qc7 29.Qc3 Bd7
30.Rd1 Bxc6 31.dxc6 Re5 32.Qd4 Rd8 33.Ra1 Rb8 34.Rxb8 Qxb8 35.Rd1 Re6 36.Bh3 Re7
37.Qxd6 Qxd6 38.Rxd6 Na4 39.Bd7 Nb6 40.c7 Nc8 41.Rd3  1-0

[Event "Novi Sad op"]
[Site "Novi Sad"]
[Date "1988.??.??"]
[Round "3"]
[White "Sabados, Joakim"]
[Black "Lazic, Dragoljub"]
[Result "0-1"]
[WhiteElo "2275"]
[BlackElo "2315"]

1.d4 Nf6 2.c4 g6 3.g3 Bg7 4.Bg2 O-O 5.Nf3 d6 6.O-O Nc6 7.Nc3 a6 8.b3 Rb8
9.Bb2 Nd7 10.e4 e5 11.d5 Ne7 12.Rb1 h6 13.Nh4 b5 14.cxb5 axb5 15.f4 exf4
16.gxf4 b4 17.Ne2 Bxb2 18.Rxb2 Nxd5 19.exd5 Qxh4 20.Nd4 Ba6 21.Rff2 Nc5 22.Bf1 Bxf1
23.Qxf1 Rbe8 24.Rbe2 Ne4 25.Rg2 Nc3 26.Rxe8 Rxe8 27.Rg3 Qf6 28.Rd3 Re4 29.Nc6 Rxf4
30.Qe1 Ne4  0-1

[Event "Paris-ch"]
[Site "Paris"]
[Date "1988.??.??"]
[Round "7"]
[White "De Boer, Gert Jan"]
[Black "Hebden, Mark"]
[Result "1-0"]
[WhiteElo "2390"]
[BlackElo "2475"]

1.d4 Nf6 2.Nf3 g6 3.c4 Bg7 4.g3 O-O 5.Bg2 d6 6.Nc3 Nc6 7.O-O a6 8.d5 Na5
9.Nd2 c5 10.Rb1 e6 11.b3 exd5 12.cxd5 b5 13.Qc2 Re8 14.e4 Ra7 15.Bb2 Rae7
16.Nd1 h5 17.f4 h4 18.Nf2 hxg3 19.hxg3 Qb6 20.Bf3 c4 21.b4 Nb7 22.Kg2 Qd8
23.Bc3 Nxd5 24.exd5 Bf5 25.Be4 Rxe4 26.Ndxe4 Bxc3 27.Qxc3 Bxe4+ 28.Nxe4 Rxe4
29.Rbe1 Rxe1 30.Rxe1 a5 31.a3 a4 32.g4 f6 33.Re6 Kf7 34.Kg3 f5 35.g5  1-0

[Event "Rubinstein mem"]
[Site "Polanica Zdroj"]
[Date "1988.??.??"]
[Round "12"]
[White "Petrosian, Arshak B"]
[Black "Borkowski, Franciszek"]
[Result "1-0"]
[WhiteElo "2460"]
[BlackElo "2410"]

1.Nf3 Nf6 2.g3 g6 3.c4 Bg7 4.d4 O-O 5.Bg2 d6 6.Nc3 Nbd7 7.O-O e5 8.h3 a6
9.dxe5 dxe5 10.Bg5 h6 11.Be3 Qe7 12.Qc2 c6 13.Rad1 Ne8 14.c5 f5 15.b4 g5
16.Bc1 Ndf6 17.Bb2 e4 18.Nd4 Nc7 19.f3 Nh5 20.fxe4 Nxg3 21.Rf3 f4 22.e3 g4
23.Rxf4 gxh3 24.Rxf8+ Bxf8 25.Qf2 Nh5 26.Bf3 Qg5+ 27.Kh1 Ng3+ 28.Kh2 Bg7
29.Rg1 Be5 30.Rxg3 Kh7 31.Nde2 Bxg3+ 32.Nxg3 Be6 33.e5 Rf8 34.Nce4 Qg6 35.Nf6+ Kh8
36.Ngh5 Nd5 37.Bxd5 cxd5 38.Nf4 Qf5 39.Bd4 Rf7 40.e4 dxe4 41.Qh4 Rh7 42.Nxh7 Kxh7  1-0

[Event "Bohemians"]
[Site "Prague"]
[Date "1988.??.??"]
[Round "?"]
[White "Mozny, Milos"]
[Black "Kindermann, Stefan"]
[Result "1/2-1/2"]
[WhiteElo "2430"]
[BlackElo "2500"]

1.d4 Nf6 2.Nf3 g6 3.c4 Bg7 4.g3 O-O 5.Bg2 d6 6.O-O Nc6 7.Nc3 Bf5 8.h3 Ne4
9.Bd2 Nxc3 10.Bxc3 Be4 11.Qd2 d5 12.Rfd1  1/2-1/2

[Event "Bohemians"]
[Site "Prague"]
[Date "1988.??.??"]
[Round "?"]
[White "Neckar, Lubomir"]
[Black "Vokac, Marek"]
[Result "1/2-1/2"]
[WhiteElo "2380"]
[BlackElo "2410"]

1.Nf3 g6 2.d4 Bg7 3.g3 Nf6 4.Bg2 O-O 5.c4 d6 6.Nc3 c6 7.O-O Qa5 8.h3 Be6
9.d5 cxd5 10.Nd4 Bd7 11.Nb3 Qb4 12.cxd5 Ba4 13.Nxa4 Qxa4 14.Be3 Na6  1/2-1/2

[Event "Reggio Emilia8889-B"]
[Site "Reggio Emilia"]
[Date "1988.??.??"]
[Round "11"]
[White "Beil, Zdenek"]
[Black "Weindl, Alfred"]
[Result "1/2-1/2"]
[WhiteElo "2390"]
[BlackElo "2420"]

1.d4 Nf6 2.c4 g6 3.Nf3 Bg7 4.g3 O-O 5.Bg2 d6 6.O-O Nbd7 7.Qc2 e5 8.Rd1 Re8
9.e4 c6 10.dxe5 dxe5 11.h3 Qe7 12.Be3 Nc5 13.Nc3 Nh5  1/2-1/2

[Event "URS-ch sf"]
[Site "Riga"]
[Date "1988.??.??"]
[Round "?"]
[White "Janjgava, Lasha"]
[Black "Timoshchenko, Gennadi A"]
[Result "1/2-1/2"]
[WhiteElo "2470"]
[BlackElo "2455"]

1.d4 Nf6 2.c4 g6 3.Nf3 Bg7 4.g3 O-O 5.Bg2 d6 6.Nc3 Nc6 7.O-O e5 8.d5 Ne7
9.e4 Nd7 10.b4 a5 11.Ba3 Bh6 12.Nd2 Kh8 13.Nb3 axb4 14.Bxb4 f5 15.c5 Nf6
16.Nd2 Rf7 17.Re1 Ne8 18.Nc4 Ng8 19.a4 Ngf6 20.cxd6 cxd6 21.a5 fxe4 22.Nxe4 Nxe4
23.Bxe4 Qf6 24.Ra2 Bf5 25.Bg2 Rc7 26.Nb6 Rd8  1/2-1/2

[Event "URS-ch sf"]
[Site "Riga"]
[Date "1988.??.??"]
[Round "?"]
[White "Janjgava, Lasha"]
[Black "Kozlov, Vladimir N"]
[Result "1-0"]
[WhiteElo "2470"]
[BlackElo "2410"]

1.d4 Nf6 2.c4 d6 3.Nf3 g6 4.g3 Bg7 5.Bg2 O-O 6.Nc3 Nbd7 7.O-O e5 8.e4 a6
9.Re1 exd4 10.Nxd4 Ne5 11.b3 c5 12.Nc2 Rb8 13.h3 Ne8 14.Bb2 b5 15.f4 Nc6
16.cxb5 axb5 17.Rb1 b4 18.Nd5 Nc7 19.Bxg7 Kxg7 20.Nxc7 Qxc7 21.Qc1 Bb7 22.Qb2+ f6
23.Rbd1 Rbe8 24.Kh2 Rf7 25.Rd2 Na7 26.e5 dxe5 27.Bxb7 Qxb7 28.fxe5 Re6 29.exf6+ Rexf6
30.Ne3 Qe4 31.Ree2 Qc6 32.Ng4 Nb5 33.Ne5 Qc7 34.Nxf7 Qxf7 35.Qe5 Nd4 36.Rf2 Qe6
37.Qxf6+ Qxf6 38.Rxf6 Kxf6 39.Kg2 h5 40.Kf2 Ke5 41.h4 Ke4 42.Rd1 Nb5 43.Rc1 Kd5
44.Ke3 Nd4 45.Rc4 Ne6 46.Re4 Ng7 47.g4 Ne6 48.gxh5 gxh5 49.Kd3 Nd4 50.Re7  1-0

[Event "URS-ch sf"]
[Site "Riga"]
[Date "1988.??.??"]
[Round "?"]
[White "Tukmakov, Vladimir B"]
[Black "Yurtaev, Leonid"]
[Result "0-1"]
[WhiteElo "2590"]
[BlackElo "2485"]

1.d4 Nf6 2.c4 g6 3.Nf3 Bg7 4.g3 O-O 5.Bg2 d6 6.O-O Nbd7 7.Nc3 e5 8.e4 exd4
9.Nxd4 Re8 10.h3 Nc5 11.Re1 Bd7 12.Rb1 h6 13.Kh2 a5 14.f4 a4 15.b4 axb3 16.axb3 h5
17.Bb2 c6 18.b4 Na6 19.b5 Nc5 20.e5 dxe5 21.fxe5 h4 22.exf6 hxg3+ 23.Kh1 Qxf6
24.Rxe8+ Rxe8 25.Nf3 Qf5 26.Bf1 Re3  0-1

[Event "URS-ch sf"]
[Site "Riga"]
[Date "1988.??.??"]
[Round "?"]
[White "Tukmakov, Vladimir B"]
[Black "Timoshchenko, Gennadi A"]
[Result "1/2-1/2"]
[WhiteElo "2590"]
[BlackElo "2455"]

1.d4 Nf6 2.c4 g6 3.Nf3 Bg7 4.g3 O-O 5.Bg2 d6 6.Nc3 Nc6 7.O-O e5 8.d5 Ne7
9.c5 Ne8 10.cxd6 Nxd6 11.e4 c6 12.dxc6 Nxc6 13.Bg5 Bf6 14.Bxf6 Qxf6 15.h3 Rd8
16.Qe2 Be6 17.Rfd1 Qg7 18.b3 Qh6 19.Kh2 Bg4 20.Nd5 Ne8 21.Qb2 f6 22.Rd2 Be6
23.Rad1 Rd7 24.Ne1 Rad8 25.Nd3 Qf8 26.b4 b6 27.f4 exf4 28.gxf4 Ne7 29.Nxe7+ Qxe7
30.Nf2 Rxd2 31.Rxd2 Rxd2 32.Qxd2 Qd6 33.Qxd6 Nxd6 34.a4 Bb3 35.a5 bxa5 36.bxa5 Nb7
37.Ng4 Kf7 38.e5 Nxa5 39.Nxf6 h6 40.Ne4 Bc2 41.Nc5 g5 42.Kg3 gxf4+ 43.Kxf4 Ke7
44.Bd5 Bg6 45.h4 Be8 46.Kf5 Nc6  1/2-1/2

[Event "Sarajevo"]
[Site "Sarajevo"]
[Date "1988.??.??"]
[Round "?"]
[White "Romanishin, Oleg M"]
[Black "Gunawan, Ronny"]
[Result "1/2-1/2"]
[WhiteElo "2570"]
[BlackElo "2440"]

1.d4 Nf6 2.c4 g6 3.g3 Bg7 4.Bg2 O-O 5.Nf3 d6 6.O-O a6 7.Nc3 Nc6 8.b3 Rb8
9.Nd5 e6 10.Nxf6+ Bxf6 11.Bh6 Re8 12.e3 e5 13.d5 e4 14.dxc6 exf3 15.Bxf3 Bxa1
16.Qxa1 f6 17.Qd4 b5 18.g4 Qe7 19.g5 Qf7 20.gxf6 bxc4 21.bxc4 Be6 22.Bd5 Bxd5
23.cxd5 Re5 24.Rd1 Qxf6 25.f4 Rf5 26.Qxf6 Rxf6 27.Kf2 Rb2+ 28.Kg3 Rf7 29.Rd4 Re7
30.e4 a5 31.e5 dxe5 32.fxe5 Rxe5 33.Bf4 Re7 34.Bxc7 Rxc7 35.d6 Rxc6 36.d7 Rc3+
37.Kg4 Rb8 38.d8=Q+ Rxd8 39.Rxd8+ Kg7 40.Rd7+ Kh6 41.Rd2 Rc4+ 42.Kg3 g5 43.Rd3 Ra4
44.a3 Kh5 45.Rc3 Rd4 46.Kf2 Rd2+ 47.Kg1 Ra2 48.Rh3+ Kg6 49.Rb3 a4 50.Rd3 h5
51.Rd6+ Kf5 52.Rd5+ Kg4 53.Rd4+ Kh3 54.Rd3+ Kh4 55.Re3 g4 56.Rc3 Rb2 57.Rc4 Rb3
58.Rxa4 Kh3 59.Rb4 Rxa3 60.Rb1  1/2-1/2

[Event "Sarajevo"]
[Site "Sarajevo"]
[Date "1988.??.??"]
[Round "?"]
[White "Cvitan, Ognjen"]
[Black "Gunawan, Ronny"]
[Result "0-1"]
[WhiteElo "2520"]
[BlackElo "2440"]

1.d4 Nf6 2.c4 g6 3.Nf3 Bg7 4.g3 O-O 5.Bg2 d6 6.O-O a6 7.Nc3 Nc6 8.d5 Na5
9.Nd2 c5 10.Qc2 Rb8 11.b3 b5 12.Rb1 e5 13.cxb5 axb5 14.b4 cxb4 15.Rxb4 Bd7
16.Qb1 Qc7 17.Bb2 Bh6 18.e3 Nc4 19.Nxc4 bxc4 20.Bc1 Rxb4 21.Qxb4 Rb8 22.Qa3 Qb6
23.h3 Ne8 24.Re1 Bg5 25.Re2 Nc7 26.Rb2 Nb5 27.Nxb5 Bxb5 28.Bf1 Qc7 29.Rb4 Bd8
30.Bd2 Qc5 31.Qb2 Ba5 32.Rxc4 Qa7 33.Qa3 Bxc4 34.Bxc4 Qc7 35.Qxa5 Qxc4 36.g4 Qe4
37.g5 Kg7 38.Be1 h6 39.gxh6+ Kxh6 40.Kh2 Kg7  0-1

[Event "Schoeneck op"]
[Site "Schoeneck"]
[Date "1988.??.??"]
[Round "5"]
[White "Gruen, Peter"]
[Black "Bode, Ulf"]
[Result "0-1"]
[WhiteElo "2380"]
[BlackElo "2250"]

1.d4 Nf6 2.Nf3 g6 3.c4 Bg7 4.g3 O-O 5.Bg2 d6 6.Nc3 Nbd7 7.O-O e5 8.e4 Re8
9.h3 a5 10.Rb1 exd4 11.Nxd4 Nc5 12.Re1 a4 13.b4 axb3 14.axb3 c6 15.b4 Ne6
16.Nde2 h6 17.f4 Nc7 18.Nd4 d5 19.cxd5 Nfxd5 20.Nxd5 Nxd5 21.Ne2 Qb6+ 22.Kh2 Nxb4
23.Bd2 c5 24.Nc3 Qd8 25.Nd5 Nxd5 26.exd5 c4 27.Bb4 Bf5 28.Rc1 Rxe1 29.Qxe1 Ra2
30.d6 b5 31.Kh1 Bxh3 32.Bc6 Bd7 33.Qe4 Qc8 34.Bb7 Bc6 35.Bxc8 Bxe4+ 36.Kg1 Bd4+
37.Kf1 Bd3+  0-1

[Event "Schoeneck op"]
[Site "Schoeneck"]
[Date "1988.??.??"]
[Round "9"]
[White "Farago, Sandor"]
[Black "Lane, Gary W"]
[Result "1-0"]
[WhiteElo "2400"]
[BlackElo "2410"]

1.d4 Nf6 2.c4 g6 3.Nf3 Bg7 4.g3 O-O 5.Bg2 d6 6.Nc3 Nc6 7.O-O a6 8.h3 Rb8
9.Be3 b5 10.cxb5 axb5 11.Nd2 Bd7 12.d5 Nb4 13.a3 Na6 14.b4 Qc8 15.Kh2 c5
16.dxc6 Bxc6 17.Bxc6 Qxc6 18.Rc1 Qd7 19.Nb3 Nc7 20.Qd2 Ra8 21.Na5 Rfe8 22.Rc2 Rec8
23.Rfc1 d5 24.Bd4 Nce8 25.e3 e6 26.Bxf6 Bxf6 27.Ne4 Bg7 28.Nc5 Qe7 29.a4 bxa4
30.b5 Qd6 31.Qb4 Rab8 32.Qxa4 Bf8 33.Na6 Rxc2 34.Rxc2 Ra8 35.Rc6 Qd8 36.Nb3 Nd6
37.Nbc5 Nc4 38.Nd3 h5  1-0

[Event "SWZ-ch"]
[Site "?"]
[Date "1988.??.??"]
[Round "?"]
[White "Lematschko, Tatjana"]
[Black "Gerber, Richard"]
[Result "1-0"]
[WhiteElo "2335"]
[BlackElo "2370"]

1.d4 Nf6 2.Nf3 g6 3.c4 Bg7 4.g3 O-O 5.Bg2 d6 6.O-O Nbd7 7.Nc3 e5 8.e4 exd4
9.Nxd4 Nc5 10.h3 Re8 11.Re1 a5 12.b3 c6 13.Ba3 Qb6 14.Bb2 Nfd7 15.Re3 Ne5
16.Rb1 Bd7 17.Kh2 Ned3 18.Nde2 Nxf2 19.Qxd6 Be5 20.Nd5 Bxd6 21.Nxb6 Rad8
22.Bf6 Rb8 23.Nxd7 Nxd7 24.Bd4 Ne5 25.Nf4 Rbd8 26.Bb6 Neg4+ 27.hxg4 Nxg4+
28.Kg1 Nxe3 29.Bxe3 f5 30.c5 Bf8 31.b4 a4 32.b5 fxe4 33.bxc6 bxc6 34.Bf1 Rb8
35.Bc4+ Kh8 36.Rb6 Bg7 37.Kf2 Be5 38.Ne6 a3 39.Kg2 h5 40.Ng5 Kg7 41.Nxe4 Re7
42.Ng5 Ra7 43.Ne6+ Kf6 44.Rxc6 Rb2+ 45.Kf3 Ke7 46.Nd4 Ra4 47.Bg5+ Kf8 48.Bh6+ Ke7
49.Bg5+ Kf8 50.Ne6+ Kg8 51.Bd5 Kh7 52.Nf8+ Kg7 53.Rxg6+ Kh8 54.Rg8+  1-0